000 02098 a2200265 4500
003 BJBSDDR
005 20231116162338.0
007 ta
008 231116s2018 sp ||||| |||| 00| 0 spa d
020 _a9788416904143
020 _a8416904146
040 _bspa
_cBJBSDDR
041 _aspa
050 1 4 _aHG 1710
_bB662d 2018
100 1 _aBoar, Andrei
_933055
245 1 0 _aDescubriendo el bitcoin :
_bCómo funciona, cómo comprar, invertir, desinvertir... /
_cAndrei Boar.
260 _aBarcelona :
_bProfit Editorial,
_c2018.
300 _a174 páginas ;
_c23 cm
490 0 _aFinanzas
520 _aLa nueva revolución tecnológica que transformar él mundo se llama blockchain?. Se trata de una base de datos distribuida entre sus usuarios, de acceso público y con información totalmente segura que provocar grandes cambios en ámbitos como la economía la medicina o la empresa, entre otros. Blockchain es la base del bitcoin y del resto de criptomonedas que, con un crecimiento exponencial en sus diez años de vida, han creado un nuevo ecosistema financiero con transacciones rápidas, seguras e imborrables entre particulares. El bitcoin ha multiplicado su precio en muchas ocasiones, con una alta volatilidad que atrae a los inversores ms̀ arriesgados, pero su uso no se limita a la especulación. Disponer de bitcoins nos permite realizar pagos a cualquier lugar del mundo con una simple dirección alfanumérica y una conexión a Internet, sin depender de ninguna institución monetaria y con la seguridad de que es infalsificable. Este libro esté dirigido a cualquier persona interesada en entender los principales interrogantes que plantea el bitcoin: Cómo funciona la Blockchain y sus aplicaciones. Cómo comprar bitcoins. Cómo invertir y desinvertir en bitcoin. Aplicaciones del bitcoin y las criptomonedas. Seguridad y riesgos del bitcoin. Fraudes con bitcoin. Aspectos legales y contables del bitcoin.
650 4 _aMoneda electrónica
_914083
_ysiglo XXI
650 4 _aBitcoin (Moneda electrónica)
_96869
650 4 _aFinanzas
_91651
942 _2lcc
_cBK
_n0
999 _c120288
_d120288